000 00537nam a2200229Ia 4500
003 OSt
005 20220916111023.0
006 a|||||r|||| 00| 0
007 ta
008 220915b |||||||| |||| 00| 0 eng d
024 _a116776
037 _cTextbook
040 _beng
_aARTS
_cARTS
041 _aeng
082 _aV46:19.N5z7, J8
100 _aMiddle
245 0 _aMiddle Eastern affairs
260 _c1958
650 _aHISTORY
942 _hV46:19.N5z7, J8
_cTB
_2CC
999 _c103566
_d103566